000 00513nam a2200157Ia 4500
003 Ost
005 20260507075658.0
008 260507s9999||||xx |||||||||||||| ||und||
040 _cfsecg
041 _aara
100 _aابو المكارم، وصفي عبد الفتاح
_eمؤلف
245 0 _aالمحاسبة الحكومية /
_c وصفي عبد الفتاح ابو المكارم
260 _aالاسكندرية:
_bالدار الجامعية,
_c2002
300 _a263 صفحة؛
942 _cكتاب
999 _c45764
_d45764